000
00203 a2200097 4500
001
14763
100
_a
Campbell
245
_a
The middle east
260
_a
New York
_b
Arno press
_c
090
_c
11542
_d
11542
942
_a
NUST-CAE
_c
M
_c
1717
999
_c
249836
_d
249836